| 000 | 00913nam a2200241Ia 4500 | ||
|---|---|---|---|
| 999 |
_c55741 _d55741 |
||
| 001 | 22836 | ||
| 003 | GE_BSU | ||
| 005 | 20230523124143.0 | ||
| 008 | 181216s ||||ge |||||||||||||| ||geo|| | ||
| 020 | _a9994046039 | ||
| 040 | _cGE_BSU | ||
| 041 | _ageo | ||
| 080 | _a342(479.22)(075.8) მ-59 | ||
| 100 |
_aმეტრეველი, ვალერიან _97646 |
||
| 245 |
_aქართული სამართლის ისტორია / _cვალერიან მეტრეველი ; რედ. ნ. სურგულაძე. |
||
| 264 |
_aთბილისი : _b[?], _c2009. |
||
| 300 |
_a443 გვ. ; _c19 სმ. |
||
| 541 | _h15 ლ. | ||
| 653 | _aსამართალი | ||
| 653 | _aქართული სამართლის ისტორია | ||
| 700 |
_aსურგულაძე, ნ. _eრედაქტორი _97643 |
||
| 942 |
_cBK _2udc |
||